000 00852nam a2200325Ia 4500
008 181129s9999 xx 000 0 und d
020 _a9780061240201
050 _bH945 2007 bk1
100 _aHunter, Erin.
245 4 _aThe lost warrior /
245 0 _ccreated by Erin Hunter ; Written by Dan Jolley ; art by James L. Barry.
250 _aFirst edition.
260 _aLos Angeles, CA :
260 _bTokyopop,
260 _c2007
300 _a94 pages :
300 _billustrations ;
300 _c18cm.
440 _aWarriors,
440 _v1
650 _aAdventure stories.
650 _aCats --
650 _aFantasy comic books, strips, etc.
650 _aGraphic novels.
650 _xComic books, strips, etc.
700 _aBarry, James L.
700 _aJolley, Dan.
700 _aSeries.
700 _aTitle.
999 _c359502
_d359502